| 000 | 01191aam a2200349 i 4500 | ||
|---|---|---|---|
| 001 | 768714001 | ||
| 003 | CO-MdFUSB | ||
| 005 | 20250714140416.0 | ||
| 007 | ta | ||
| 008 | 240729t1981 -us |||| |||| 00| 0 eng d | ||
| 020 | _a0-88070-023-8 | ||
| 040 | _cCO-MdFUSB | ||
| 041 | 0 | _aeng | |
| 082 | 0 | 4 |
_a253.7 _223 _bAL365 |
| 100 |
_aAldrich, Joseph C., _eautor |
||
| 245 | 1 | 0 |
_aLife-style evangelism : _bcrossing traditional boundaries to reach the unbelieving world _c/ Joseph C. Aldrich |
| 264 | 1 |
_bMultnomah Press, _aUnited States : _c[1981] |
|
| 264 | 4 | _c©1981 | |
| 300 |
_a246 páginas _c; 21 cm |
||
| 336 |
_2rdacontent _atexto _btxt |
||
| 337 |
_2rdamedia _asin mediación _bn |
||
| 338 |
_2rdacarrier _avolumen _bnc |
||
| 490 | _aA Critical Concern Book, | ||
| 505 |
_aCuando la gente ve la luz -- Rompiendo el pulso de una iglesia en crecimiento -- Tomar el pulso de una iglesia en crecimiento -- Convertirse en un vecino de la redención. _g[Traducción no oficial] |
||
| 563 | _aRústico | ||
| 650 | 0 |
_aEvangelización _9362 |
|
| 650 | 0 |
_aVida cristiana _919 |
|
| 653 | _aIglesia y no creyentes | ||
| 942 | _cBK | ||
| 945 | _aJTF-925 | ||
| 999 |
_c44148 _d44148 |
||